000 01155cam a2200289 a 4500
001 16031552
005 20100811144446.0
008 091222s2011 njua 001 0 eng
020 _a013512140X
020 _a9780135121405
040 _aDLC
_cDLC
_dYDX
_dYDXCP
_dBWX
_dDLC
082 0 0 _a620.00285
_222
_bLAR
100 1 _aLarsen, Ronald W.
_928965
245 1 0 _aLabVIEW for Engineers /
_cRonald W. Larsen.
260 _aUpper Saddle River, N.J. :
_bPrentice Hall/Pearson,
_cc2011.
300 _a401 p. :
_bill. ;
_c26 cm.
500 _aIncludes index.
500 _aInternational edition.
630 0 0 _aLabVIEW.
_928966
650 0 _aEngineering
_xData processing.
_928967
650 0 _aEngineering
_xComputer programs.
_928968
650 0 _aScientific apparatus and instruments
_xData processing.
_928969
653 _bCS
_bGen
_cFebruary2012
942 _2ddc
_cBB
999 _c16479
_d16479